000 01035nam2a2200241 4500
001 RU\NLR\BIBL_A\022228678
005 20240705114856.0
010 _a978-5-00228-121-3
021 _aRU
_bКН-П-24-020430
_9КН-П-24-2140
035 _a(NLR Aleph) 022228678
090 _a13124186
_c13124186
100 _a20240521d2024 u y0rusy50 ca
101 0 _arus
102 _aRU
105 _ay z 000yy
200 1 _aАлхимия руки
210 _d2024
215 _a435 с.
461 0 _1001RU\NLR\BIBL_A\022225511
_12001#$aХирология и реинкарнация$e[в двух томах]$fГалина Бойцова$vТ. 1
_1700#1$aБойцова$bГ.$cэзотерик$gГалина$3RU\NLR\AUTH\770179204
_913115109
_aБойцова, Г. (эзотерик)
_cМосква
_d2024
_fГалина Бойцова
_nАмрита-Русь
_o[в двух томах]
_tХирология и реинкарнация
_vТ. 1
942 _cBOOK
980 _aNB